000 00515nam a22002057a 4500
005 20260514131326.0
008 260514b |||||||| |||| 00| 0 eng d
020 _a9789353062989
_c1050.00
040 _aMAIN
041 _aEnglish
082 _a621.367
_bGON
100 _aGonzalez, Rafael C
245 _aDigital Image Processing
250 _a4th
260 _aNoida
_bPearson
_c2024
300 _a1019
650 _aComputer Science (PM (USHA)
_926808
700 _aWoods, Richard E.
_93549
942 _cBK
999 _c60801
_d60801